| 000 -ლიდერი |
| ფიქსირებული სიგრძის საკონტროლო ველი |
01579nam a2200277Ia 4500 |
| 001 - საკონტროლო ნომერი |
| საკონტროლო ველი |
22245 |
| 003 - საკონტროლო ნომრის იდენტიფიკატორი |
| საკონტროლო ველი |
GE_BSU |
| 005 - ბოლო ოპერაციის თარიღი და დრო |
| საკონტროლო ველი |
20230215121938.0 |
| 008 - ფიქსირებული სიგრძის მონაცემთა ელემენტები - ზოგადი ინფორმაცია |
| ფიქსირებული სიგრძის საკონტროლო ველი |
181216s2008||||ge |||||||||||||| ||geo|| |
| 020 ## - წიგნის საერთაშორისო სტანდარტული ნომერი |
| International Standard Book Number |
9789941130212 |
| 040 ## - კატალოგიზაციის წყარო |
| Transcribing agency |
GE_BSU |
| 041 ## - ენის კოდი |
| Language code of text/sound track or separate title |
geo |
| 080 ## - უნივერსალური ათობითი კლასიფიკაციის ინდექსი |
| Universal Decimal Classification number |
81'36 ჩ-92 |
| 100 ## - მთავარი ჩანაწერი - პიროვნების სახელი |
| Personal name |
ჩუხუა, მერაბ |
| 9 (RLIN) |
16915 |
| 245 ## - ცნობა სათაურის შესახებ |
| Title |
იბერიულ-იჩქერიულ ენათა შედარებითი გრამატიკა 1 / |
| Statement of responsibility, etc |
მერაბ ჩუხუა ; რედაქტორი ქ. ლომთათიძე. |
| 264 ## - წარმოების, გამოცემის, დისტრიბუციის და სხვა ცნობები |
| გამოცემის, წარმოების, დისტრიბუციის... ადგილი |
თბილისი : |
| გამოცემის, წარმოების, დისტრიბუციის... სახელწოდება |
თბილისის სახელმწ. უნ-ტის გამ-ბა, |
| გამოცემის, წარმოების, დისტრიბუციის... თარიღი |
2008. |
| 300 ## - ფიზიკური აღწერა |
| Extent |
761 გვ. ; |
| Dimensions |
28 სმ. |
| 500 ## - ზოგადი შენიშვნა |
| General note |
ვუძღვნი კავკასიისათვის თავდადებულ რაინდებს – ზვიად გამსახურდიას და ჯოჰარ დუდაევის მეგობრობას |
| 653 ## - INDEX TERM--UNCONTROLLED |
| Uncontrolled term |
იბერიულ-იჩქერიულ ენათა შედარებითი გრამატიკა 1 |
| 653 ## - INDEX TERM--UNCONTROLLED |
| Uncontrolled term |
კავკასიური ენების შედარებითი გრამატიკა |
| 653 ## - INDEX TERM--UNCONTROLLED |
| Uncontrolled term |
ნახური ენების ფონეტიკა |
| 653 ## - INDEX TERM--UNCONTROLLED |
| Uncontrolled term |
ეტიმოლოგიური ლექსიკონი |
| 700 ## - ADDED ENTRY--PERSONAL NAME |
| Personal name |
ლომთათიძე, ქ. |
| Relator term |
რედაქტორი |
| 9 (RLIN) |
16916 |
| 942 ## - ADDED ENTRY ELEMENTS (KOHA) |
| Koha item type |
წიგნი |
| Source of classification or shelving scheme |
|